Commonhold and Leasehold Reform Bill published (Record no. 65673)
[ view plain ]
| 000 -LEADER | |
|---|---|
| fixed length control field | 00892cam a2200193 4500 |
| 001 - CONTROL NUMBER | |
| control field | WB3701-25 |
| 008 - FIXED-LENGTH DATA ELEMENTS--GENERAL INFORMATION | |
| fixed length control field | 000000n2000 000 0 eng u |
| 035 ## - SYSTEM CONTROL NUMBER | |
| System control number | (Sirsi) u110113 |
| 245 ## - TITLE STATEMENT | |
| Title | Commonhold and Leasehold Reform Bill published |
| 260 ## - PUBLICATION, DISTRIBUTION, ETC. | |
| Date of publication, distribution, etc. | 2000 |
| 490 ## - SERIES STATEMENT | |
| Series statement | Lord Chancellor's Department Press Release |
| Volume/sequential designation | (444-00) 21 December 2000, (4) |
| 520 ## - SUMMARY, ETC. | |
| Summary, etc. | Details the key provisions contained in the Commonhold and Leasehold Reform Bill, which has recently been published. Includes Ministers' comments on motivations for the bill, and its chief aims. The full text of the bill can be viewed at: 'www.parliament.the-stationery-office.co.uk/pa/ld200001/ldbills/011/2001011.htm' |
| 650 ## - SUBJECT ADDED ENTRY--TOPICAL TERM | |
| Topical term or geographic name entry element | COMMONHOLD AND LEASEHOLD REFORM BILL |
| 650 ## - SUBJECT ADDED ENTRY--TOPICAL TERM | |
| Topical term or geographic name entry element | COMMONHOLD |
| 650 ## - SUBJECT ADDED ENTRY--TOPICAL TERM | |
| Topical term or geographic name entry element | LEASEHOLD REFORM |
| 650 ## - SUBJECT ADDED ENTRY--TOPICAL TERM | |
| Topical term or geographic name entry element | LEASEHOLD SYSTEM |
| 690 ## - LOCAL SUBJECT ADDED ENTRY--TOPICAL TERM (OCLC, RLIN) | |
| Topical term or geographic name as entry element | LANDLORD AND TENANT-LEASEHOLD REFORM |
| 942 ## - ADDED ENTRY ELEMENTS (KOHA) | |
| Suppress in OPAC | 0 |
| Withdrawn status | Lost status | Source of classification or shelving scheme | Damaged status | Not for loan | Home library | Current library | Shelving location | Date acquired | Total Checkouts | Full call number | Barcode | Date last seen | Copy number | Price effective from | Koha item type |
|---|---|---|---|---|---|---|---|---|---|---|---|---|---|---|---|
| Dewey Decimal Classification | London | London | News article | 03/01/2001 | WB3701-25 | 110113-1001 | 06/08/2019 | 1 | 06/08/2019 | News article |